Buyer Behavior Theoretical and Empirical Foundations
Guardado en:
| Autor principal: | |
|---|---|
| Otros Autores: | |
| Formato: | Libro |
| Lenguaje: | inglés |
| Publicado: |
New York
Knopf
1973
|
| Edición: | 1. ed. |
| Materias: | |
| Etiquetas: |
Sin Etiquetas, Sea el primero en etiquetar este registro!
|
MARC
| LEADER | 00000nam a2200000 4500 | ||
|---|---|---|---|
| 001 | c001068 | ||
| 005 | 20221220103132.6 | ||
| 020 | |a 0-394-31681-9 | ||
| 041 | 0 | |a eng | |
| 044 | |a US | ||
| 245 | 1 | 0 | |a Buyer Behavior |b Theoretical and Empirical Foundations |c John A. Howard, Lyman E. Ostlund |
| 250 | |a 1. ed. | ||
| 264 | 1 | |a New York |b Knopf |c 1973 | |
| 300 | |a 580 s. | ||
| 610 | 2 | 0 | |a spotrebitelia |
| 610 | 2 | 0 | |a správanie |
| 610 | 2 | 0 | |a psychológia predaja |
| 610 | 2 | 0 | |a štýl životný |
| 610 | 2 | 0 | |a osobnosť |
| 610 | 2 | 0 | |a motivácia |
| 610 | 2 | 0 | |a informácie |
| 610 | 2 | 0 | |a trh |
| 610 | 2 | 0 | |a rozhodovanie |
| 610 | 2 | 0 | |a nákup |
| 610 | 2 | 0 | |a teória a prax |
| 100 | 1 | |a Howard, John A. | |
| 700 | 1 | |a Ostlund, Lyman E. | |